Искусство помнить и забывать: пер. с англ.

Bibliographic Details
Main Author: Лапп Д. Даниэль
Summary:Вы страдаете от забывчивости? Вы забываете, где и когда вам назначили встречу? Не можете вспомнить адреса и номера телефонов?Если да, то знайте, что точно так же дела обстоят у большинства из нас. Но не стоит унывать. Известный американский психолог Даниэль Лапп в рамках специальной программы Стэндфордского университета разработала курс улучшения памяти. В своей книге автор в остроумной и занимательной форме показывает нам, шаг за шагом. Как мы можем запомнить то, что хотим запомнить (имена, слова, числа, звуки, цвета, сны) и как забывать то, о чем вспоминать не хочется.
Language:Russian
Published: СПб., Питер, 2003
Series:Сам себе психолог
Subjects:
Format: Book
KOHA link:https://koha.lib.tpu.ru/cgi-bin/koha/opac-detail.pl?biblionumber=52103

MARC

LEADER 00000nam0a2200000 4500
001 52103
005 20231101211341.0
010 |a 5272003667 
035 |a (RuTPU)RU\TPU\book\54579 
090 |a 52103 
100 |a 20030522d2003 m y0rusy50 ca 
101 1 |a rus  |c eng 
102 |a RU 
105 |a y z 000zy 
200 1 |a Искусство помнить и забывать  |e пер. с англ.  |f Д. Лапп 
210 |a СПб.  |c Питер  |d 2003 
215 |a 224 с. 
225 1 |a Сам себе психолог 
318 |5 63413507  |a Как улучшить память? (или хотя бы не потерять...)  |b выставка 
330 |a Вы страдаете от забывчивости? Вы забываете, где и когда вам назначили встречу? Не можете вспомнить адреса и номера телефонов?Если да, то знайте, что точно так же дела обстоят у большинства из нас. Но не стоит унывать. Известный американский психолог Даниэль Лапп в рамках специальной программы Стэндфордского университета разработала курс улучшения памяти. В своей книге автор в остроумной и занимательной форме показывает нам, шаг за шагом. Как мы можем запомнить то, что хотим запомнить (имена, слова, числа, звуки, цвета, сны) и как забывать то, о чем вспоминать не хочется. 
606 1 |a Память  |x Психология  |x Тренировка  |x Психофизические основы  |x Расстройства  |x Развитие  |2 stltpush  |3 (RuTPU)RU\TPU\subj\48049  |9 66928 
610 1 |a психологические свойства 
610 1 |a человек 
610 1 |a запоминание 
610 1 |a внимание 
610 1 |a концентрация 
610 1 |a мнемоника 
686 |a Ю935.12  |v LBC/SL-A  |2 rubbk 
700 1 |a Лапп  |b Д.  |g Даниэль 
801 1 |a RU  |b 63413507  |c 20030522  |g PSBO 
801 2 |a RU  |b 63413507  |c 20120220  |g PSBO 
942 |c BK